000
00230nam a22000977a 4500
999
_c
18989
_d
18989
008
210622b xxu||||| |||| 00| 0 eng d
020
_a
03043932
245
_a
Journal of monetary economics
300
_a
1200-1358
942
_2
lcc
_c
BK